00237 a2200109 4500001000700000020000600007040001100013100002700024240003600051245003100087362000900118162814 a  cMagnum aVieira, Thereza Freire10aThamara uma menina carentelpor10aThamara uma menina carente0 a1899